Derechos de garantía sobre bienes muebles: prenda con registro, leasing

Guardat en:
Dades bibliogràfiques
Autor principal: Kelly, Julio Alberto (Autor)
Format: Llibre
Idioma:espanyol
Publicat: Buenos Aires Heliasta 1989
Col·lecció:Biblioteca de Derecho Económico y Empresarial, 8
Matèries:
Etiquetes: Afegir etiqueta
Sense etiquetes, Sigues el primer a etiquetar aquest registre!

MARC

LEADER 00000nam a2200000 a 4500
001 UCP3151
003 CL-VaPUC
008 990611e19890000AG |||||||||||||||||spa|d
082 0 4 |a 346.047  |b KEL  |2 21 
100 |a Kelly, Julio Alberto  |e author  |9 531295 
245 1 0 |a Derechos de garantía sobre bienes muebles: prenda con registro, leasing 
300 |a 503 p 
942 |c BK 
945 |d 19990611 00:00:00  |a vberengu 
260 |a Buenos Aires  |b Heliasta  |c 1989 
650 0 |a Bienes muebles   |9 380927 
650 0 |a Prenda  |9 254917 
650 7 |a LEASING  |2 CL-VaPUC  |9 257941 
650 0 |a Garantías  |9 385837 
650 0 |a Derecho civil  |9 255013 
650 0 |a Acreedor  |9 388863 
650 0 |a Deudor   |9 385167 
651 0 |a Francia  |9 255157 
651 0 |a Brasil  |9 267393 
651 0 |a México  |9 255269 
651 0 |a Argentina  |9 254888 
583 |a last modification  |c 19990611 00:00:00  |k Rodrigo Vera 
490 0 |a Biblioteca de Derecho Económico y Empresarial, 8 
999 |c 281576  |d 281574 
952 |0 0  |1 0  |4 0  |6 346_047000000000000_KEL_1989  |7 0  |8 A  |9 322427  |a BIBDER  |b BIBDER  |d 2019-11-20  |i 3527530  |o 346.047 KEL 1989  |p 3527530  |r 2023-01-25  |w 2019-11-20  |y BK  |k DER